| 000 | 00770nam a2200181 i 4500 | ||
|---|---|---|---|
| 001 | 123879 | ||
| 003 | ES-MaACL | ||
| 005 | 20251014063201.0 | ||
| 007 | t| | ||
| 008 | 070214m19211922sp r ||||1| spa d | ||
| 100 | 1 |
_aRamírez de Arellano y Díaz de Morales, Rafael, _d1854-1921 _995134 |
|
| 245 | 1 | 0 |
_aEnsayo de un catálogo biográfico de escritores de la provincia y diócesis de Córdoba, con descripción de sus obras / _cpor Rafael Ramírez de Arellano y Díaz de Morales. |
| 260 |
_aMadrid : _b[s. n.], _c1921-22 ( _fTip. de la Revista de Archivos, Bibliotecas y Museos) |
||
| 300 |
_a2 v. ; _c29 cm. |
||
| 650 | 4 |
_aEscritores españoles- _zCórdoba (Provincia)- _vBiobibliografías. _9159382 |
|
| 852 |
_aES-MaACL _jB-4291-92 |
||
| 999 |
_c123879 _d123879 |
||